| 000 | 00398nam a2200145Ia 4500 | ||
|---|---|---|---|
| 008 | 210210b2003 xxu||||| |||| 00| 0 eng d | ||
| 020 | _a81 261 1465 7 | ||
| 082 | _a658.3 MALP | ||
| 100 | _aMALHOTRA (R K) and others. Ed. | ||
| 245 | _aPersonnel management. | ||
| 260 |
_aNew Delhi _bAnmol Publications Pvt. Ltd. _c2003 |
||
| 300 | _aviii,534 | ||
| 690 | _aPersonnel Management | ||
| 906 | _a061110 | ||
| 999 |
_c107725 _d107725 |
||